000 00359nam a22001217a 4500
008 250610b |||||||| |||| 00| 0 eng d
020 _a9789789708345
050 _aZ 675
_b.T 74
245 _aTrends in academic library management: A book in honour of prof Benson Eziukwu Edoka
260 _aEnugu
_bDerafelo publishers
_c2022
300 _a493p
942 _cBK
999 _c3843
_d3843